Art škôlka

Gespeichert in:
Bibliographische Detailangaben
1. Verfasser: Vojteková, Barbora (Verfasst von)
Weitere Verfasser: Vojteková, Eva (Betreuung Doktorarbeit)
Format: Manuskript Buch
Sprache:Slowakisch
Veröffentlicht: Bratislava 2017
Schlagworte:
Online-Zugang:http://is.stuba.sk/zp/portal_zp.pl?podrobnosti=111983
Tags: Tag hinzufügen
Keine Tags, Fügen Sie das erste Tag hinzu!

MARC

LEADER 00000ntm a22000003a 4500
001 stuzp63724
003 SK-STU
005 20210208081006.2
007 ta
008 150427s2015----xo-----f-mn---000-0-slo-d
040 |a STU  |b slo 
041 0 |a slo 
100 1 |a Vojteková, Barbora  |u 054140  |4 aut  |U FAD Fakulta architektúry  |T FA Ústav konštrukcií v architektúre a inžinierskych stavieb  |X 65405  |U A4140  |Y 395  |7 65405 
242 0 1 |a Art nursery  |y eng 
245 1 0 |a Art škôlka 
260 |c 2017  |a Bratislava 
650 4 |a škôlka  |2 slo 
650 4 |a umenie  |2 slo 
650 4 |a hudba  |2 slo 
650 4 |a music  |2 eng 
650 4 |a nursery  |2 eng 
650 4 |a art  |2 eng 
700 1 |a Vojteková, Eva  |u 054140  |k Z1  |4 ths  |U FAD Fakulta architektúry  |T FA Ústav konštrukcií v architektúre a inžinierskych stavieb  |X 333  |U A4140  |Y 395  |7 A000000333 
856 4 |u http://is.stuba.sk/zp/portal_zp.pl?podrobnosti=111983  |u https://opac.crzp.sk/?fn=detailBiblioForm&sid=7521CD21230D5DBDE77EF990A9CE